000 00431nam a2200121 4500
008 707.1 P964pix
082 _a707.1
_bP964pix
110 _aUniversidad Torcuato Di Tella
_95709
245 _aProgramas del Departamento de Arte
260 _aArgentina
_bUniversidad Torcuato Di Tella
_c2018
300 _a48 p.
_bil. (col)
_c22,5 x 17 cm
650 _xarte contemporáneo
_xarte - educación
_xarte - programas artísticos
_xArgentina
_97199
999 _c1856
_d1856